000 00883cab a2200169 4500
001 L130633
008 050819n2005 000 0 eng u
035 _a(Sirsi) u130633
041 _aeng
245 _aRICS to revamp standards in back to basics campaign
260 _c2005
490 _aQS News
_v12 August 2005, 5(1)
520 _aThe RICS construction faculty plans to put itself back at the heart of the industry by concentrating on measurement methods, in particular the fundamentals of cost and value. Initiatives in the pipeline include a new standard method of measurement, a new standard for measuring railway building costs, a new approach to PFI procurement and an overhaul of the APC.
590 _aIKA300805
690 _aABOUT RICS-RICS STRUCTURE AND GOVERNANCE-RICS FACULTIES AND FORUMS-RICS FACULTIES AND FORUMS STAFF-RICS BUILT ENVIRONMENT GROUP
942 _n0
999 _c75746
_d75746